Quick Pick: Germanic Languages Quiz Stats

 Plays Quiz Updated Sep 17, 2017

Challenge
Share
Tweet
Embed
Score 0/12 Timer 01:00
3 Plays Today
% Correct
German
96.9%
Dutch
93.2%
Danish
88%
Luxembourgish
83.9%
English
79.9%
Norwegian
78.2%
Swedish
72.5%
Icelandic
70%
Afrikaans
67.5%
Frisian
63.7%
Faroese
55%
Scots
43.9%

Today's Daily Dose

Missing Word
Podcasts A-Z

Word Ladder
Rowing

On This Day
January 22nd II

You're not logged in!

Compare scores with friends on all Sporcle quizzes.
OR
Log In

You Might Also Like...

Show Comments

Extras

Top Quizzes Today


Score Distribution

Your Account Isn't Verified!

In order to create a playlist on Sporcle, you need to verify the email address you used during registration. Go to your Sporcle Settings to finish the process.

Report this User

Report this user for behavior that violates our Community Guidelines.

Details: